000 00547nam a22002057a 4500
003 OSt
005 20160816184406.0
008 160816b xxu||||| |||| 00| 0 eng d
020 _a9780137148431
040 _cDDC.
082 _a033BLA 2011
100 _aBlanchard,S.Benjamin;Fabrycky,J.Wolter;
_910737
245 _aSystems Engineering and analysis.
250 _a5th ed.
260 _aBoston.
_bPeason.
_c2011.
300 _a800p;
_bill;
_c24cm.
504 _aincludes index.
650 _aSystems Engineering.
_910738
942 _2ddc
_cO_SHELF
999 _c5011
_d5011